[Event "Juniorallsvenskan 2019"]
[Site "Molnlycke"]
[Date "2019.11.22"]
[Round "1.9"]
[White "Nilsson, Joakim"]
[Black "Jogstad, Martin"]
[Result "0-1"]
[WhiteElo "2288"]
[BlackElo "2305"]

1.Nf3 Nf6 2.g3 d5 3.c4 c6 4.Bg2 dxc4 5.O-O Nbd7 6.Na3 Nb6 7.Qc2 Qd5 8.b3 
Bf5 9.Qd1 cxb3 10.axb3 e6 11.d3 Qd8 12.Nc4 Be7 13.Na5 Qc8 14.Nd4 O-O 15.
Nxf5 exf5 16.Bh3 Rd8 17.Bb2 Ne4 18.Qc2 Ng5 19.Bg2 Ne6 20.Bh3 Ng5 21.Bg2 
Ne6 22.Bh3 g6 23.e3 Nd5 24.Rfd1 Bf6 25.Bxf6 Nxf6 26.Bg2 Qd7 27.Nc4 Nd5 28.
d4 Nec7 29.Ne5 Qd6 30.h4 a6 31.h5 Re8 32.e4 fxe4 33.Bxe4 Kg7 34.Qd2 Rad8 
35.Bf3 Qb4 36.Qc2 Qc3 37.Qe2 f6 38.hxg6 hxg6 39.Be4 fxe5 40.Bxg6 Kxg6 41.
Qg4+ Kf6 42.Qh4+ Ke6 43.Re1 Kd7 44.Rac1 Qf3 45.Qh3+ Ne6 46.Rxe5 Nf4 0-1

[Event "Juniorallsvenskan 2019"]
[Site "Molnlycke"]
[Date "2019.11.22"]
[Round "1.19"]
[White "Mena, Markus"]
[Black "Dingertz, Erik"]
[Result "0-1"]
[WhiteElo "1405"]
[BlackElo "1892"]

1.e4 e5 2.Nf3 Nc6 3.Bb5 a6 4.Ba4 Nf6 5.O-O b5 6.Bb3 Bc5 7.Re1 O-O 8.c3 d6 
9.d4 Bb6 10.h3 Bb7 11.Bg5 h6 12.Bh4 Re8 13.Nbd2 exd4 14.cxd4 Nxd4 15.Nxd4 
Bxd4 16.Rb1 g5 17.Bg3 Nd7 18.Nf3 Bb6 19.Bc2 Ne5 20.Nxe5 dxe5 21.Qf3 Kg7 
22.Rbd1 Qf6 23.Qc3 Rac8 24.Bb3 Bd4 25.Qc2 c5 26.Bd5 Bxd5 27.exd5 Qd6 28.
Qe2 f6 29.b3 Qxd5 30.Qg4 Qf7 31.Rc1 f5 32.Qe2 f4 33.Bh2 Qf5 34.Rc2 e4 35.
Rec1 e3 36.b4 exf2+ 37.Kf1 Rxe2 38.Rxe2 Qd3 39.Rc2 Qd1+ 0-1

[Event "Juniorallsvenskan 2019"]
[Site "Molnlycke"]
[Date "2019.11.22"]
[Round "1.21"]
[White "Wernberg, Hugo"]
[Black "Klosinski, Daniel"]
[Result "1/2-1/2"]
[WhiteElo "2020"]
[BlackElo "1742"]

1.e4 c5 2.Nf3 d6 3.d4 cxd4 4.Nxd4 Nf6 5.Nc3 a6 6.Bg5 e6 7.f4 Be7 8.Qf3 Nc6
9.O-O-O Nxd4 10.Rxd4 Qb6 11.Qd1 h6 12.Bxf6 gxf6 13.Bc4 Qc5 14.Bb3 b5 15.f5
Rg8 16.Rd2 Rg5 17.Qf3 Qe5 18.Nd5 Ra7 19.Qe3 Rb7 20.Nb6 Bd7 21.Nxd7 Kxd7 
22.g3 h5 23.Qd4 Rg4 24.Re1 h4 25.Qxe5 fxe5 26.gxh4 Bxh4 27.h3 Rg8 28.fxe6+
fxe6 29.Rf1 Bg5 30.Rf7+ Kc6 31.Rxb7 Kxb7 32.Bxe6 Rf8 33.Kd1 Bxd2 34.Kxd2 
Rf4 35.Ke3 Kb6 36.c3 Ka5 37.Bc8 Kb6 38.Be6 a5 39.b4 Rf1 40.Bb3 Rc1 41.Kd3 
Rg1 42.Be6 Rg3+ 43.Kd2 Kc7 44.Bg4 Rg2+ 45.Be2 Rh2 46.bxa5 Kb7 47.Kd1 Ka6 
48.a4 Kxa5 49.axb5 Rxh3 50.Kd2 Kb6 51.Bd3 Kc5 52.Be2 Rh2 53.Ke3 Rh3+ 54.
Kd2 Rh2 55.Ke3 Rh3+ 1/2-1/2

[Event "Juniorallsvenskan 2019"]
[Site "Molnlycke"]
[Date "2019.11.23"]
[Round "2.20"]
[White "Ekberg, Karl"]
[Black "Saghatelyan, Frunze"]
[Result "1-0"]
[WhiteElo "1867"]
[BlackElo "1110"]

1.d4 d5 2.c4 e6 3.Nc3 Nf6 4.cxd5 exd5 5.Bg5 Bf5 6.Qb3 Nc6 7.Bxf6 gxf6 8.e3
Bb4 9.Bb5 Qd6 10.Ne2 O-O 11.Ng3 Bg6 12.Bxc6 bxc6 13.a3 Ba5 14.O-O c5 15.
dxc5 Qxc5 16.Qxd5 Qxd5 17.Nxd5 Kg7 18.Rac1 Rab8 19.b4 Bb6 20.Nxc7 a5 21.
Nd5 axb4 22.axb4 Rfd8 23.Rfd1 Rd6 24.Ne7 Rxd1+ 25.Rxd1 Ba7 26.Nc6 Rb7 27.
Nxa7 Rxa7 28.e4 Rc7 29.Rb1 Rc4 30.f3 1-0

[Event "Juniorallsvenskan 2019"]
[Site "Molnlycke"]
[Date "2019.11.24"]
[Round "4.4"]
[White "Aira, Leonardo"]
[Black "Hall, Alexander"]
[Result "1-0"]
[WhiteElo "1955"]
[BlackElo "1887"]

1.e4 c5 2.d4 cxd4 3.c3 d3 4.Bxd3 g6 5.f4 Bg7 6.Be3 Nc6 7.Nf3 Nf6 8.h3 Qc7 
9.O-O O-O 10.Qd2 d6 11.c4 e5 12.Nc3 Rd8 13.Nd5 Nxd5 14.cxd5 Nd4 15.Bxd4 
exd4 16.Qf2 Qb6 17.Rfc1 Bd7 18.Rc4 Rac8 19.Rac1 a5 20.Rxc8 Rxc8 21.Rxc8+ 
Bxc8 22.Qc2 Bd7 23.e5 Bh6 24.Qb3 Qxb3 25.axb3 Bxf4 26.exd6 Bxd6 27.Kf1 Bc5
28.Ne5 Be8 29.Ke2 f6 30.Nc4 b6 31.Nd2 f5 32.g4 fxg4 33.hxg4 Kf7 34.g5 Bd7 
35.Kf3 Ke7 36.Nc4 a4 37.bxa4 Bxa4 38.Ke4 Bb5 39.Ne5 Bxd3+ 40.Nxd3 Bb4 41.
Nxb4 Kd6 42.Kxd4 b5 43.Nd3 b4 44.Nxb4 1-0

[Event "Juniorallsvenskan 2019"]
[Site "Molnlycke"]
[Date "2019.11.24"]
[Round "5.8"]
[White "Hall, Alexander"]
[Black "Lindholm, Gustav"]
[Result "1/2-1/2"]
[WhiteElo "1887"]
[BlackElo "1922"]

1.d4 d5 2.c4 c6 3.Nf3 Nf6 4.Qc2 e6 5.Nc3 Bd6 6.Bg5 Nbd7 7.e3 O-O 8.b3 Qa5 
9.c5 Ne4 10.Rc1 Nxc3 11.Qxc3 Qxc3+ 12.Rxc3 Bc7 13.b4 f6 14.Bh4 e5 15.a4 a6
16.Be2 Re8 17.O-O Nf8 18.Bg3 Bg4 19.Rc2 Ng6 20.h3 Bd7 21.Rb2 Bb8 22.Rd1 f5
23.dxe5 Nxe5 24.Nxe5 Bxe5 25.Bxe5 Rxe5 26.b5 axb5 27.axb5 Ra5 28.Bf3 Kf7 
29.bxc6 Bxc6 30.Rc1 Kf6 31.Kh2 g5 32.g4 Ra4 33.gxf5 Rxf5 34.Bg4 Re5 35.Bc8
Re7 36.Rcb1 Ra7 37.Kg3 h5 38.h4 g4 39.Rb4 Re4 40.Rxe4 dxe4 41.Kf4 Ra2 42.
Kg3 Ra7 43.Kf4 Ra2 44.Kg3 Ra7 45.Kf4 Ra2 1/2-1/2

[Event "Juniorallsvenskan 2019"]
[Site "Molnlycke"]
[Date "2019.11.24"]
[Round "5.10"]
[White "Petersson, Baldur Teodor"]
[Black "Bensryd, Hampus"]
[Result "1-0"]
[WhiteElo "2216"]
[BlackElo "1977"]

1.e4 e5 2.Nf3 Nc6 3.Nc3 Nf6 4.Be2 Bb4 5.Nd5 Ba5 6.Nxf6+ Qxf6 7.O-O O-O 8.
c3 Bb6 9.d3 h6 10.b4 d6 11.a4 a6 12.Be3 Bxe3 13.fxe3 Qg6 14.Qd2 Ne7 15.Rf2
Be6 16.Raf1 f5 17.exf5 Nxf5 18.e4 Ne7 19.Nh4 Qh7 20.Qd1 g5 21.Bg4 Bf7 22.
Rxf7 Rxf7 23.Be6 Rf8 24.Nf5 Kh8 25.Bxf7 Rxf7 26.Qh5 Nxf5 27.exf5 Qg7 28.
Qf3 c6 29.g4 Rf6 30.b5 axb5 31.axb5 Qc7 32.Rb1 Qb6+ 33.Qf2 Qxf2+ 34.Kxf2 
Rf7 35.bxc6 bxc6 36.Rb8+ Kg7 37.Rc8 c5 38.Kf3 Ra7 39.Ke4 Ra4+ 40.c4 Ra2 
41.Kd5 Rxh2 42.Ke6 Rf2 43.Rc7+ Kg8 44.f6 Rf4 45.Rc8+ Kh7 46.f7 1-0